| 000 | 00725na a2200241 4500 | ||
|---|---|---|---|
| 001 | 18473 | ||
| 003 | MIRAKIL | ||
| 005 | 20181213154906.0 | ||
| 008 | 161118b tu 000 0 | ||
| 040 |
_aMilas _btur _cTR-AnCHP |
||
| 041 | _atur | ||
| 082 |
_a364.131 _bM22 2002 |
||
| 090 | _a364.131 M22 2002 | ||
| 245 |
_aMadımak yangını _bSivas katliamı davası _cHazırlayan Şenal Sarıhan |
||
| 246 | _aSivas katliamı davası | ||
| 260 |
_aAnkara _bAnkara Barosu _c2002 |
||
| 300 |
_a2 c. _bres. _c24 sm. |
||
| 650 |
_aMadımak Oteli _xTarih |
||
| 650 |
_aİslam ve siyaset _zTürkiye |
||
| 650 |
_aSiyasal suçlar _xSivas Katliamı, 1993 _zTürkiye |
||
| 651 |
_aSivas _xToplumsal olaylar _yTarih |
||
| 942 |
_2ddc _cBKS |
||
| 999 |
_c2667 _d2667 |
||